000 02011nam a22003971i 4500
005 20200806111248.0
008 200806s2017 ii a j 000 1 tam d
020 _cRM 50.40 (set)
_cRM 6.30
_qpaperback
040 _aPPAK
_beng
_cPPAK
_erda
082 _223
_a398.2
090 _a398.2
_bTSU
_dK
100 1 _6880-01
_aTsuchiya, Yukio
_eauthor.
245 1 0 _6880-02
_aANBUKKURIYA YANAIKAL ? =
_bFAITHFUL ELEPHANTS /
_cYUKIO TSUCHIYA ; Tamil Translation: Ko Ma. Ko. Elango ; Illustration : Avinash Deshpande
246 3 _iTranslation of:
_aFAITHFUL ELEPHANTS
264 1 _aChennai, India:
_bBooks For Children ,
_c2017.
300 _a31 pages :
_billustration (black and white) ;
_c22 cm.
336 _2rdacontent
_atext
337 _2rdamedia
_aunmediated
338 _2rdacarrier
_avolume
490 1 _6880-03
_a World famous children's comic
500 _aEnglish Original: Faithful Elephants Author: Yukio Tsuchiya
546 _aIn Tamil.
650 1 0 _aChildren's stories, Tamil
650 2 0 _aTales
_xTranslation into Tamil
700 0 _6880-04
_aKo Ma. Ko. Elango
_etranslator.
700 1 _6880-06
_aDeshpande, Avinash
_eillustrator.
765 0 _aTranslation of:
_aTsuchiya, Yukio
_tFAITHFUL ELEPHANTS
830 0 _6880-5
_aWorld famous children's comic
880 1 0 _6100-01
_aசுசியா, யுகியோ
880 1 0 _6245-02
_aஅன்புக்குரிய யானைகள் /
_cயுகியோ சுசியா ; தமிழில்: கொ.மா.கோ.இளங்கோ ; ஓவியம்: அவினாஸ் தேஷ்பாண்டே
880 1 _6490-03
_a உலகப் புகழ்பெற்ற சிறார் சித்திரக்கதை
880 0 _6700-04
_aகொ.மா.கோ. இளங்கோ
880 1 0 _6700-06
_aதேஷ்பாண்டே, அவினாஸ்
880 0 _6830-05
_aஉலகப் புகழ்பெற்ற சிறார் சித்திரக்கதை
942 _2ddc
_cB
999 _c178520
_d178519